000 01051nam a22003497a 4500
001 0007973
003 KOHA_MİRAKIL
005 20260207001617.0
007 ta
008 091007b2007 tu |||gr||||#||||1|tur |
020 _a9789944148146
040 _aTR-BiSEU
_btur
_cTR-BiSEU
_erda
041 0 _atur
044 _ctu
050 _aPC3942.28.I37
_bR54 2007
100 1 _aRiera, Carme.
240 1 0 _ala meitat de l'ánima
_lTürkçe
245 1 _aRuhumun yarısı =
_bla meitat de l'ánima/
_cCarme Riera ; Carme Riera; çeviren Şevin Aksoy.
264 1 _aİstanbul :
_bAlkım, c2005
_c2007
300 _a218 sayfa; 21 cm.
336 _ametin
_btxt
_2rdacontent
337 _aaracısız
_bn
_2rdamedia
338 _acilt
_bnc
_2rdacarrier
490 1 _aAlkım ;
_v208.
490 1 _aRoman ;
_v50
500 _aEser, "2003 Sant Jordi" ödülü kazanmıştır
650 0 _aFransızca edebiyat.
_919760
650 0 _aProvans ve Katalan.
_919761
830 1 _aAlkım ;
_v208.
_98425
830 1 _aRoman ;
_v50
_916586
942 _2lcc
_cBK
999 _c7948
_d7948